00919nam a2200193 a 450000100100000000500170001000800410002704000250006808200150009310000310010824502820013926000550042130000280047649000440050450000570054850400280060570000480063383000440068100004453120250120110604.0140711s2011 dr a 000 0 spa d aDO-SdBNPbspacBNPHU axxxxbxxxx1 aPérez Stefan, Reynolds J10aOrigen, trayectoría y aportes culturales de la centenaria sociedad la progresista :bcultural - filantrópica - artística - literaria fundada el 1ro.de septiembre del 1878 La Vega, República Dominicana ; prólogo Rafael Molina Morillo /cReynolds Jossef Pérez Stefan. aLa Vega, República Dominicana :bRedline,c2011. a168 p. :bil. ;c21 cm.1 aBibliográfica Sociedad La Progresista aIncluye datos biográficos del autor en las solapas aBibliografía : p. 16512aMolina Morillo, Rafael,d1930-1917epról. 0aBibliográfica Sociedad La Progresista